Down the drain (Record no. 77262)

MARC details
000 -LEADER
fixed length control field 00949cab a2200193 4500
001 - CONTROL NUMBER
control field ##L133926
008 - FIXED-LENGTH DATA ELEMENTS--GENERAL INFORMATION
fixed length control field 060621n2006 000 0 eng u
035 ## - SYSTEM CONTROL NUMBER
System control number (Sirsi) u133926
041 0# - LANGUAGE CODE
Language code of text/sound track or separate title eng
100 1# - MAIN ENTRY--PERSONAL NAME
Personal name Wehner, Piers
245 00 - TITLE STATEMENT
Title Down the drain
260 ## - PUBLICATION, DISTRIBUTION, ETC.
Date of publication, distribution, etc. 2006
490 #0 - SERIES STATEMENT
Series statement Estates Gazette
Volume/sequential designation (0624) 17 June 2006, 66-70(4)
520 ## - SUMMARY, ETC.
Summary, etc. Reports on predictions of crisis for the water and sewerage system of southeast England. The Environment Agency is convinced that, unless the system is radically overhauled, plans to massively increase the area's housing stock will be impossible, and the 2012 Olympic Games may be a disaster. Looks at the problems with the sewerage system, and considers the proposals put forward for solving them and the water supply problem.
590 ## - LOCAL NOTE (RLIN)
Local note IKA040706
651 #4 - SUBJECT ADDED ENTRY--GEOGRAPHIC NAME
Geographic name SOUTH EAST ENGLAND
690 ## - LOCAL SUBJECT ADDED ENTRY--TOPICAL TERM (OCLC, RLIN)
Topical term or geographic name as entry element ENVIRONMENTAL AND LAND CONSULTANCY-WASTE MANAGEMENT-SEWERAGE REMOVAL AND TREATMENT
942 ## - ADDED ENTRY ELEMENTS (KOHA)
Suppress in OPAC 0
Holdings
Withdrawn status Lost status Source of classification or shelving scheme Damaged status Not for loan Home library Current library Shelving location Date acquired Total Checkouts Full call number Barcode Date last seen Copy number Price effective from Koha item type
    Dewey Decimal Classification     London London Journal article 21/06/2006   L133926 133926-1001 06/08/2019 1 06/08/2019 Journal article